LEADER 01040cam0-2200373---450- 001 990004106680403321 005 20120120125644.0 035 $a000410668 035 $aFED01000410668 035 $a(Aleph)000410668FED01 035 $a000410668 100 $a19990604d1969----km-y0itay50------ba 101 0 $aita 102 $aIT 105 $ay-------001yy 200 1 $a<>uomo e la scimmia$fNiccolò Tommaseo$ga cura di Mario Puppo 210 $aMilano$cMarzorati$dc1969 215 $a148 p.$d22 cm 225 1 $aScrittori italiani$iSezione filosofica e pedagogica 610 0 $aUomo 610 0 $aScimmia 676 $a156.2 676 $a575 700 1$aTommaseo,$bNiccolò$f<1802-1874>$0337187 702 1$aPuppo,$bMario$f<1913-1989> 801 0$aIT$bUNINA$gRICA$2UNIMARC 901 $aBK 912 $a990004106680403321 952 $aP.1 PAE 31$bbibl.51862$fFLFBC 952 $aP.1 PAE 31 BIS$bIST.FIL.T.2303$fNAP03 959 $aFLFBC 959 $aNAP03 996 $aUomo e la scimmia$9194679 997 $aUNINA LEADER 01292nam--2200409---450- 001 990001142850203316 005 20050323105405.0 010 $a88-8335-351-X 035 $a000114285 035 $aUSA01000114285 035 $a(ALEPH)000114285USA01 035 $a000114285 100 $a20030415d2002----km-y0enga50------ba 101 0 $aita 102 $aIT 105 $ay|||z|||001yy 200 1 $a<> Dio della guerra$eviaggio nei falsi conflitti di religione$fa cura di Paolo Affatato, Emanuele Giordana$gprefazione di Enrico Deaglio 210 $aMilano$cGuerini$d2002 215 $a187 p.$d18 cm 606 1 $aGuerre$zSec.20.-21. 606 1 $aFondamentalismo 676 $a909.829 702 1$aAFFATATO,$bPaolo 702 1$aGIORDANA,$bEmanuele 801 0$aIT$bSalbc$cISBD 912 $a990001142850203316 951 $aII.2. 506(III A 1146)$b166057 L.M.$cIII A$d00095404 959 $aBK 969 $aUMA 979 $aMARIA$b10$c20030415$lUSA01$h1130 979 $aALESSANDRA$b90$c20030627$lUSA01$h1136 979 $aALESSANDRA$b90$c20030627$lUSA01$h1137 979 $aALESSANDRA$b90$c20030627$lUSA01$h1207 979 $aPATRY$b90$c20040406$lUSA01$h1719 979 $aCOPAT3$b90$c20050323$lUSA01$h1054 996 $aDio della guerra$9980750 997 $aUNISA